Appraisal of real estate (Record no. 477881)

000 -LEADER
fixed length control field 00479cam a22001457a 4500
008 - FIXED-LENGTH DATA ELEMENTS--GENERAL INFORMATION
fixed length control field 180718b1952 xxu||||| |||| 00| 0 eng d
082 ## - DEWEY DECIMAL CLASSIFICATION NUMBER
Classification number L2312 Am35a
245 ## - TITLE STATEMENT
Title Appraisal of real estate
Statement of responsibility, etc. by American Institute of Real Estate Appraisers
250 ## - EDITION STATEMENT
Edition statement 2nd ed.
260 ## - PUBLICATION, DISTRIBUTION, ETC.
Place of publication, distribution, etc. Chicago
Name of publisher, distributor, etc. American Institute of Real Estate Appraisers
Date of publication, distribution, etc. 1952
300 ## - PHYSICAL DESCRIPTION
Extent viii,512p.
500 ## - GENERAL NOTE
General note $8.50
650 ## - SUBJECT ADDED ENTRY--TOPICAL TERM
Topical term or geographic name entry element Real Property - Valuation
700 ## - ADDED ENTRY--PERSONAL NAME
Personal name American Institute of Real Estate Appraisers
Holdings
Withdrawn status Lost status Damaged status Not for loan Permanent Location Current Location Date acquired Full call number Barcode Date last seen Price effective from Koha item type
        Indian Institute of Public Administration Indian Institute of Public Administration 2018-08-04 L2312 Am35a GR147 2018-08-04 2018-08-04 GR

Powered by Koha